Panorama 4 de la Langue Francaise

Detalles Bibliográficos
Idioma:francés
Publicado: Paris, CLE International, 1998
Series:Methode de francais
Subjects:
Formato: MixedMaterials Audio
KOHA link:https://koha.lib.tpu.ru/cgi-bin/koha/opac-detail.pl?biblionumber=15158

MARC

LEADER 00000nim0a2200000 4500
001 15158
005 20231030190055.0
010 |a 9782090327434 
035 |a (RuTPU)RU\TPU\book\15264 
035 |a BOOK00015333 
090 |a 15158 
100 |a 20011209d1998 m y0frey50 ba 
101 0 |a fre 
102 |a FR 
105 |a y j 000zy 
126 |a ckbujub||||||bu 
200 1 |a Panorama 4 de la Langue Francaise  |b Audio-cassette  
210 |a Paris  |c CLE International  |d 1998 
215 |a 3 audio-cassettes 
225 1 |a Methode de francais 
610 1 |a французский язык 
610 1 |a кассеты 
610 1 |a аудиокассеты 
610 1 |a учебные пособия 
686 |a Ш147.11-923  |v LBC/SL-A  |2 rubbk 
801 0 |a RU  |b 63413507  |c 20011209  |g PSBO 
801 2 |a RU  |b 63413507  |c 20170615  |g PSBO 
942 |c BK